Postal culture in Europe : 1500-1800 /

Bibliographic Details
Main Author: Caplan, Jay (Author)
Format: Book
Language:English
French
German
Language Notes:In English with some text in French and German, followed by English translations.
Published: Oxford : Voltaire Foundation, [2016]
Series:Oxford University studies in the Enlightenment ; 2016:04.
Subjects:

MARC

Tag First Indicator Second Indicator Subfields
LEADER 00000cam a2200000Ki 4500
001 in00003774570
005 20160510104710.0
008 160411t20162016enka b 001 0 eng d
035 |a (OCoLC)ocn946473071 
040 |a AUXAM  |b eng  |e rda  |c AUXAM  |d WLU  |d OCLCO  |d OCLCF  |d YDXCP  |d UIU  |d VA@  |d TXA 
019 |a 920722044 
020 |a 9780729411752  |q (pbk.) 
020 |a 0729411753  |q (pbk.) 
035 |a (OCoLC)946473071  |z (OCoLC)920722044 
041 1 |a eng  |a fre  |a ger  |h fre  |h ger 
043 |a e------ 
050 4 |a HE6925  |b .C36 2016 
049 |a TXAM 
090 |a PQ2105.A2  |b S8 no.2016:04 
100 1 |a Caplan, Jay,  |e author. 
245 1 0 |a Postal culture in Europe :  |b 1500-1800 /  |c Jay Caplan. 
264 1 |a Oxford :  |b Voltaire Foundation,  |c [2016] 
264 4 |c ©2016 
300 |a xiii, 210 pages :  |b illustrations ;  |c 24 cm. 
336 |a text  |b txt  |2 rdacontent 
337 |a unmediated  |b n  |2 rdamedia 
338 |a volume  |b nc  |2 rdacarrier 
490 1 |a Oxford University studies in the Enlightenment,  |x 0435-2866 ;  |v 2016:04 
504 |a Includes bibliographical references (pages 195-206) and index. 
546 |a In English with some text in French and German, followed by English translations. 
650 0 |a Postal service  |z Europe  |x History  |y 18th century. 
650 0 |a Written communication  |z Europe  |x History  |y 18th century. 
650 0 |a Communication  |x Social aspects  |z Europe. 
650 7 |a Communication  |x Social aspects.  |2 fast  |0 (OCoLC)fst00870009 
650 7 |a Postal service.  |2 fast  |0 (OCoLC)fst01072885 
650 7 |a Written communication.  |2 fast  |0 (OCoLC)fst01181697 
651 7 |a Europe.  |2 fast  |0 (OCoLC)fst01245064 
648 7 |a 1700-1799  |2 fast 
655 7 |a History.  |2 fast  |0 (OCoLC)fst01411628 
830 0 |a Oxford University studies in the Enlightenment ;  |v 2016:04.  |x 0435-2866 
948 |a cataloged  |b h  |c 2016/5/10  |d c  |e ceaton  |f 10:46:59 am 
994 |a C0  |b TXA 
999 f f |s ed3e7db0-ff51-3edd-a72d-5bdb444cee65  |i 8f7c867e-bc03-33b1-8f76-5e6278aed309  |t 0 
952 f f |p normal  |a Texas A&M University  |b College Station  |c Sterling C. Evans Library  |d Evans: Library Stacks  |t 0  |e PQ2105.A2 S8 no.2016:04  |h Library of Congress classification  |i unmediated -- volume  |m A14843500969 
998 f f |a PQ2105.A2 S8 no.2016:04  |t 0  |l Evans: Library Stacks